Wszystkie piosenki - Hodak - Statystyki

Ogólne statystyki
  • Ten quiz został rozwiązany 15 razy
    10 od ostatniego zresetowania
  • Średni wynik to 9 z 33
Statystyki odpowiedzi
Hint Odpowiedź % Poprawnych
Custom (z 2K) Intro
71%
Moody Tapes, Volume One (z 2K) Oh No!
71%
Custom (z 2K) Outro
71%
Custom (z 2K) Custom (feat. Young Igi)
57%
Custom (z 2K) Oh Wow
57%
zapach zimy i papierosów (z Miroff) zapach zimy i papierosów (feat. DJ Eprom)
57%
Custom (z 2K) Omerta (feat. Avi)
43%
Moody Tapes, Volume One (z 2K) Bez Zarzutów (feat. schafter)
29%
Moody Tapes, Volume One (z 2K) C.R.E.A.M (feat. Paluch)
29%
Moody Tapes, Volume One (z 2K) Epilogue
29%
zapach zimy i papierosów (z Miroff) hamuj! (interludium)
29%
Moody Tapes, Volume One (z 2K) Prologue
29%
Moody Tapes, Volume One (z 2K) 5AM WWA
14%
Moody Tapes, Volume One (z 2K) Bitch, Please
14%
Moody Tapes, Volume One (z 2K) Ciepły Letni Deszcz (feat. Mila Jankowska)
14%
Moody Tapes, Volume One (z 2K) Death's Cousin
14%
Custom (z 2K) Jordans (feat. killers4687)
14%
zapach zimy i papierosów (z Miroff) listopadowy spacer
14%
zapach zimy i papierosów (z Miroff) melisa i xanax
14%
zapach zimy i papierosów (z Miroff) mercedez benz (why i love you) (feat. Michał Graczyk)
14%
Custom (z 2K) Metro (feat. Gedz)
14%
Moody Tapes, Volume One (z 2K) Moody Interlude
14%
zapach zimy i papierosów (z Miroff) może się odezwiesz do mnie?
14%
zapach zimy i papierosów (z Miroff) nienawidzę tego miasta (feat. Skip)
14%
zapach zimy i papierosów (z Miroff) nie taki był zamiar
14%
Moody Tapes, Volume One (z 2K) Nieważne (feat. DZIARMA)
14%
Custom (z 2K) Scudo
14%
Custom (z 2K) Stare Ulice WWA
14%
Custom (z 2K) Vice City
14%
Moody Tapes, Volume One (z 2K) Wolność (feat. Gedz)
14%
zapach zimy i papierosów (z Miroff) wspominam lato (feat. CatchUp)
14%
zapach zimy i papierosów (z Miroff) wszyscy chorzy (feat. Miły ATZ & Marceli Bober)
14%
zapach zimy i papierosów (z Miroff) zapnij pasy! (interludium)
14%
Nie znaleziono quizów pasujących do podanych kryteriów
Rozkład punktacji
Procent ludzi z każdym wynikiem
Percentyl według liczby udzielonych odpowiedzi
Twoja historia wyników
Nie rozwiązałeś tego quizu od ostatniego zresetowania